Geography Quiz

Random Geography or City Quiz

US City Flags Quiz Stats

 Plays Quiz not verified by Sporcle

Support Sporcle.
Go Orange.
Score 0/20 Timer 05:00
0 Plays Today
Hint Answer % Correct
New York, NY
77%
Charlotte, NC
38.5%
Philadelphia, PA
32.2%
Milwaukee, WI
28.5%
Boston, MA
21.2%
Tulsa, OK
20.1%
Cincinnati, OH
17.4%
Austin, TX
15.1%
Omaha, NE
14.6%
Riverside, CA
14%
Hint Answer % Correct
Irving, TX
11.5%
Memhpis, TN
10.7%
Atlanta, GA
10.7%
Cleveland, OH
9.8%
Madison, WI
9.8%
Durham, NC
8.6%
Boise, ID
8.4%
Chula Vista, CA
6.6%
Oxnard, CA
5.9%
Tacoma, WA
5.4%

You're not logged in!

Compare scores with friends on all Sporcle quizzes.
OR
Log In

From the Vault

Disney Animated Movie Titles by Word Count

by teedslaststand

Not exactly how we'd order our Disney movies, but to each his own.
Remove Ads.
Support Sporcle.
Get the best of Sporcle when you Go Orange. This ad-free experience offers more features, more stats, and more fun while also helping to support Sporcle. Thank you for becoming a member.

Show Comments

Extras

Top Quizzes Today


Score Distribution

Your Account Isn't Verified!

In order to create a playlist on Sporcle, you need to verify the email address you used during registration. Go to your Sporcle Settings to finish the process.

Report this User

Report this user for behavior that violates our Community Guidelines.

Details: